000 00559nam a2200193Ia 4500
005 20230510105922.0
008 131103s9999 xx 000 0 und d
040 _aLoreto College
041 _aEnglish
082 _aTAG 891.44
_bTAG-GHO
100 _aGhosh, Pramadranjan
245 _aRabindranath o tar Santinikatan
_cPramadranjan Ghosh
260 _aCalcutta
_bReader's Corner
_c[19-]
300 _a194p
650 _aTagore, Rabindranath, 1861-1941 - Criticism and Interpretation
651 _aBengali Literature
850 _aLCLIB
942 _cBK
999 _c16958
_d67437